Boy George & Culture Club /

Salvato in:
Dettagli Bibliografici
Autore principale: Zinsenheim, Roy (Autore)
Natura: Libro
Lingua:italiano
Pubblicazione: Milano : Gammalibri, 1984
Serie:Musica
Soggetti:
Tags: Aggiungi Tag
Nessun Tag, puoi essere il primo ad aggiungerne!!

MARC

LEADER 00000nam a22000007i 4500
001 IT\ICCU\UBO\2030600
003 ItRI
005 20260115232344.0
008 080610s1984 it |||||| ||||| |||||c
040 |b ita  |c importazione bologna sebina 
041 7 |a ita  |2 ISO-639-2 
100 1 |a Zinsenheim, Roy  |0 IT\ICCU\CFIV\019153  |4 aut 
245 1 0 |a Boy George & Culture Club /  |c Roy Zinsenheim. 
260 |a Milano :  |b Gammalibri,  |c 1984 
300 |a 104 p. :  |b ill. ;  |c 21 cm 
650 7 |a Culture club <gruppo musicale>  |2 scbi 
650 7 |a Boy George  |2 scbi 
830 0 |a Musica  |0 IT\ICCU\SBL\0343167 
942 |2 ddc  |c BK  |n 0 
952 |0 0  |1 0  |4 0  |6 DOC_782_421000000000000_ZIN  |7 0  |9 24725  |a BO  |b BO  |d 2026-01-15  |i 1912  |l 0  |o DOC 782.421 ZIN  |p BO1912  |r 2026-01-15 23:23:44  |w 2026-01-15  |x [Sebina 5] [1 v.]  |y BK  |z 1 v. 
999 |c 21017  |d 21017